Biggest Cities in Austria on a Map - Statistics

General Stats
  • This quiz has been taken 770 times
  • The average score is 7 of 10
Answers on the Map
Answers color-coded by a green-red scale on the quiz's map according to % correct below.
 
Answer Stats
Population City % Correct
1,921,153 Vienna
100%
155,424 Salzburg
96%
291,130 Graz
93%
131,042 Innsbruck
91%
206,552 Linz
85%
101,779 Klagenfurt
61%
63,265 Villach
44%
55,878 Sankt Pölten
43%
62,662 Wels
35%
50,253 Dornbirn
31%
No matching quizzes found
Score Distribution
Percent of People with Each Score
Percentile by Number Answered
Your Score History
You have not taken this quiz